|
|
|
|
| LEADER |
00000naa2a2200000 4500 |
| 001 |
612845 |
| 005 |
20231102023403.0 |
| 035 |
|
|
|a (RuTPU)RU\TPU\conf\10976
|
| 035 |
|
|
|a RU\TPU\conf\10975
|
| 090 |
|
|
|a 612845
|
| 100 |
|
|
|a 20150629d2015 k y0rusy50 ca
|
| 101 |
0 |
|
|a rus
|
| 102 |
|
|
|a RU
|
| 105 |
|
|
|a y z 101zy
|
| 135 |
|
|
|a drcn ---uucaa
|
| 181 |
|
0 |
|a i
|
| 182 |
|
0 |
|a b
|
| 200 |
1 |
|
|a Модифицирование зеренной структуры и свойств интерметаллического соединения Ni3Al наночастицами тугоплавкого химического соединения
|f В. Е. Овчаренко, Лю Гуансюнь, Е. Н. Боянгин
|
| 203 |
|
|
|a Текст
|c электронный
|
| 225 |
1 |
|
|a Инновационные технологии получения и обработки материалов в машиностроении
|
| 230 |
|
|
|a 1 компьютерный файл (pdf; 1,3 Мb)
|
| 300 |
|
|
|a Заглавие с титульного экрана
|
| 320 |
|
|
|a [Библиогр.: с. 139 (12 назв.)]
|
| 337 |
|
|
|a Adobe Reader
|
| 463 |
|
0 |
|0 (RuTPU)RU\TPU\conf\10375
|t Инновационные технологии и экономика в машиностроении
|o сборник трудов VI Международной научно-практической конференции, 21-23 мая 2015 г., Юрга
|f Национальный исследовательский Томский политехнический университет (ТПУ), Юргинский технологический институт (ЮТИ) ; под ред. Д. А. Чинахова
|v [С. 134-139]
|d 2015
|
| 610 |
1 |
|
|a труды учёных ТПУ
|
| 610 |
1 |
|
|a электронный ресурс
|
| 610 |
1 |
|
|a зеренные структуры
|
| 610 |
1 |
|
|a интерметаллические соединения
|
| 610 |
1 |
|
|a алюминиды никеля
|
| 610 |
1 |
|
|a наночастицы
|
| 610 |
1 |
|
|a тугоплавкость
|
| 700 |
|
1 |
|a Овчаренко
|b В. Е.
|c специалист в области машиностроения
|c профессор-консультант Юргинского технологического института (филиала) Томского политехнического университета, доктор технических наук
|f 1945-
|g Владимир Ефимович
|2 stltpush
|3 (RuTPU)RU\TPU\pers\28211
|9 13165
|
| 701 |
|
0 |
|a Лю Гуансюнь
|
| 701 |
|
1 |
|a Боянгин
|b Е. Н.
|
| 712 |
0 |
2 |
|a Национальный исследовательский Томский политехнический университет (ТПУ)
|b Юргинский технологический институт (филиал) (ЮТИ)
|b Кафедра технологии машиностроения (ТМС)
|h 356
|2 stltpush
|3 (RuTPU)RU\TPU\col\18902
|
| 801 |
|
2 |
|a RU
|b 63413507
|c 20210205
|g RCR
|
| 856 |
4 |
|
|u http://earchive.tpu.ru/handle/11683/19319
|
| 856 |
4 |
|
|u http://www.lib.tpu.ru/fulltext/c/2015/C30/030.pdf
|
| 942 |
|
|
|c BK
|